000 00302nam a2200121 a 4500
005 20140414093846.0
008 100223s19uu xx uuu eng d
050 _aCDB 005.268
_bVBA 2000
245 _aVBA developer's handbook.
650 _aMicrosoft Visual BASIC.
942 _cAVM
999 _c109634
_d109634